|
|
|
|
| LEADER |
00000nam a2200000 a 4500 |
| 001 |
UCX2398 |
| 003 |
CL-VaPUC |
| 005 |
20220418123817.0 |
| 008 |
910510e19890000SP |||||||||||||||||spa|d |
| 999 |
|
|
|c 223430
|d 223428
|
| 040 |
|
|
|c Pontificia Universidad Católica de Valparaíso
|
| 082 |
0 |
4 |
|a 946.02 IRA 1989
|2 21
|
| 100 |
|
|
|a Iradiel Murugarren, Paulino
|e author
|9 320972
|
| 245 |
1 |
0 |
|a Historia medieval de la España cristiana
|
| 260 |
|
|
|a Madrid, España
|b Cátedra
|c 1989
|
| 300 |
|
|
|a 701 páginas
|
| 583 |
|
|
|a last modification
|c 19910510 00:00:00
|k Rodrigo Vera
|
| 650 |
|
0 |
|a Civilización medieval
|z ESPAÑA
|9 265320
|
| 650 |
|
7 |
|a HISTORIA EDAD MEDIA
|2 CL-VaPUC
|9 314991
|z ESPAÑA
|
| 700 |
|
|
|a Moreta, Salustiano
|e autor
|9 620981
|
| 700 |
0 |
|
|a Sarasa Sanchez, Esteban
|e author
|9 318326
|
| 942 |
|
|
|c BK
|2 ddc
|
| 945 |
|
|
|d 19910510 00:00:00
|
| 952 |
|
|
|0 0
|1 0
|2 ddc
|4 0
|6 946_020000000000000_IRA_1989
|7 0
|8 A
|9 219206
|a BIBHIS
|b BIBHIS
|d 2019-11-15
|i 2879700
|o 946.02 IRA 1989
|p 2879700
|r 2025-01-20
|t 1
|w 2019-11-15
|y BK
|k HIS
|